Managing finance /

Hlavní autor: Kalouda, František, 1949-
Jazyk: Čeština
Vydáno: Brno : B.I.B.S., 2001
Vydání: Vyd. 1.
Edice: Studijní text pro studia MBA Senior Executive a MSc in Management Studies
Témata:
Fyzický popis: 110 s. : il. ; 21 cm
Knihy
Uloženo v:
LEADER 01402nam a2200397 a 4500
001 000578517
003 CZ BrMZK
005 20091009104024.0
007 ta
008 011116s2001 xr e p cze d
015 |a cnb000888674 
015 |a cnb001035687 
020 |a 80-86575-04-7 
035 |a (OCoLC)50340869 
035 |a (OCoLC)85021636 
040 |a BOA001  |b cze 
072 7 |a 658  |x Řízení a správa podniku  |2 Konspekt  |9 4 
072 7 |a 37.016  |x Učební osnovy. Vyučovací předměty. Učebnice  |2 Konspekt  |9 22 
080 |a 658.14/.17  |2 MRF 
080 |a 657  |2 MRF 
080 |a (075.8)  |2 MRF 
100 1 |a Kalouda, František,  |d 1949-  |7 jo20010082972  |4 aut 
245 1 0 |a Managing finance /  |c František Kalouda 
250 |a Vyd. 1. 
260 |a Brno :  |b B.I.B.S.,  |c 2001 
300 |a 110 s. :  |b il. ;  |c 21 cm 
490 1 |a Studijní text pro studia MBA Senior Executive a MSc in Management Studies 
500 |a Název z obálky 
650 0 7 |a finanční management  |7 ph114551  |2 czenas 
650 0 7 |a finance podniku  |7 ph172935  |2 czenas 
650 0 7 |a účetnictví  |7 ph116911  |2 czenas 
655 7 |a učebnice vysokých škol  |7 fd133772  |2 czenas 
830 0 |a Studijní text pro studia MBA Senior Executive a MSc in Management Studies 
910 |a BOA001  |b 2-1094.989 
990 |a BK 
996 6 |b 2610150100  |c 2-1094.989  |l MZK  |r Sklad / do 1 hodiny  |n 0  |p p.v.  |w 000578517  |u 000010  |a 1  |e BOA001  |j MZK50  |s P